Neogénna hydrotermálna mineralizácia vo vrte B-1 pri kúpeľoch Byšta (južná časť Východoslovenskej nížiny)

Podrobná bibliografia
Hlavní autori: Caňo, František (Author), Straka, Peter (Author), Ženiš, Pavel (Author)
Médium: Článok
Jazyk:Slovak
Témy:
ISBN: 0433-4795
Zdroj: 1. Geologické práce 1. Bratislava : Východoslovenská panva, 1993 1. 0433-4795 1. S. 35-38
LEADER 01181naa a2200385 a 4500
001 000000014
003 SVKKK
005 20070620140630.0
008 030616c1993 xo e sloo
FMT
038 |a SVKKK 
040 |a SVKKK  |b slo  |e AACR2 
041 0 |a slo  |b eng 
044 |a xo  |c SK 
080 |a 553.7.031.  |2 1981 
100 1 |a Caňo, František  |4 aut 
245 1 0 |a Neogénna hydrotermálna mineralizácia vo vrte B-1 pri kúpeľoch Byšta (južná časť Východoslovenskej nížiny)  |c Caňo František, Straka Peter, Ženiš Pavel 
300 |b Tab. 2 +  |e 2 s. fotogr. 
504 |a Res. angl., lit. 8 zázn. v angl., rus., slov. 
650 0 4 |a mineralizácia hydrotermálna 
650 0 4 |a neogén  |x štúdie 
650 0 4 |a pramene termálne  |x výskyt  |z Východoslovenská nížina 
700 1 |a Straka, Peter  |4 aut 
700 1 |a Ženiš, Pavel  |4 aut 
773 0 |t Geologické práce  |d Bratislava : Východoslovenská panva, 1993  |z 0433-4795  |g S. 35-38 
957 |a Byšta 
957 |a Východoslovenská nížina 
958 |a MS 
958 |a NA 
958 |a RE 
974 |d 940223  |a 244 
992 |a RZB 
BAS
852 |a SVKKK  |b BIB 
998 |a GEO